000 00661nam a2200217 a 4500
001 60828
003 BD-RjUL
005 20211209080904.0
008 170103s1905 nyuaf b 001 0 eng d
035 _a(BD-RjUL)60952
040 _aDLC
_cNIE
_dNRC
_dOCL
_dEQO
_dBD-RjUL
_beng
041 _aeng
082 _223
_a370.9
_bMOT 1953
100 1 _aMonroe, Paul,
_d1869-1947.
_9181302
245 1 2 _aA text-book in the history of education /
_cPaul Monroe
260 _aNew York :
_bMacmillan,
_cc1905 [Printing 1953]
300 _axxiii, 772 p. :
_bill. ;
_c20 cm
504 _a"References" at end of chapters
650 0 _aEducation
_xHistory
_9181303
942 _2ddc
_cBK
999 _c60828
_d60828